000 00466nam a2200193Ia 4500
008 151119s9999||||xx |||||||||||||| ||und||
082 _a616.97
082 _bGKKV29976
100 _aRANDOLPH THERON
245 _aALLERGIES YOUR HIDDEN ENEMY
260 _a--
260 _b--
260 _c0
600 _aRANDOLPH THERON
630 _aALLERGIES YOUR HIDDEN ENEMY
700 _aRANDOLPH THERON
730 _aALLERGIES YOUR HIDDEN ENEMY
942 _cBOOK
999 _c1082319
_d1082316